Quizzes
Events
Quiz Creation
Community
Videos
Private Events
Remove Ads
Sign In
Join for FREE
Feedback
Dark Mode
Quiz Categories
Sports
Geography
Music
Movies
Television
Just For Fun
Miscellaneous
History
Literature
Language
Science
Gaming
Entertainment
Religion
Holiday
For Kids
Quiz Lab
Recent
Popular Today
Quiz Kudos Today
Editor Picks
Curator Picks
Quizzes by...
Day
Popularity
Type
Ratings
Length
Year
Community
Subscriptions
Recent Discussions
Orange Saloon
Badges
Playlists
Quests
Create
Leaderboards
Showdown
Live 5
Trivia Bingo
Activity
Puzzle Library
Sporcle Events
Private Events
Virtual Trivia
Globe League
Become a Host
Pub Owners
SporcleCon
Opinionation
Our Games
Videos
Blog
Mobile Apps
Partnerships
Remove Ads and Go Orange
Feedback
Television
TV Characters
TV Show
Sitcom
Network
Friends
Reality Shows
Cast
South Park
Star Trek
The Simpsons
Doctor Who
Television
TV Characters
TV Show
Sitcom
Network
Friends
Reality Shows
Cast
South Park
Star Trek
The Simpsons
Doctor Who
Random Quiz
Search Sporcle
×
Quiz Lab
Quiz Lab
Television
Actress
Type in answers that appear in a list
Type in answers that appear in a list
Classic
Best Score? Go Orange.
Neighbours Characters May 2014 Stats
Can you name the Neighbours Characters May 2014
By
mcsar95
6m
23 Questions
204 Plays
204 Plays
204 Plays
Comments
Comments
Give Quiz Kudos
Give Quiz Kudos
-
- Ratings
hide this ad
Replay
Link that replays current quiz
Next Quiz
Link to next quiz in quiz playlist
You Got
0%
They Got
Avg Score
65%
Avg Friend Score
Upgrade to see
Score Distribution
Jump to the score distribution portion of the page
Score
0/23
Timer
06:00
0
Plays Today
Actor/Actress
Character
% Correct
Alan Fletcher
Karl Kennedy
83.3%
Jenna Rosenow
Amber Turner
82.4%
Kip Gamblin
Brad Willis
79.4%
Jackie Woodburne
Susan Kennedy
78.9%
Stefan Dennis
Paul Robinson
77.9%
Harley Bonner
Josh Willis
76.5%
Chris Milligan
Kyle Canning
70.6%
Ariel Kaplan
Imogen Willis
70.1%
Kate Kendall
Lauren Turner
69.6%
Calen Mackenzie
Bailey Turner
66.7%
Scott McGregor
Mark Brennan
63.7%
Rebekah Elmaloglou
Terese Willis
63.2%
Actor/Actress
Character
% Correct
Colette Mann
Sheila Canning
62.7%
Eve Morey
Sonya Rebecchi
62.7%
Morgan Baker
Callum Jones
61.8%
Josef Brown
Matt Turner
59.8%
Ryan Moloney
Toadie Rebecchi
58.8%
Tim Phillips
Daniel Robinson
58.8%
Saskia Hampele
Georgia Brooks
56.9%
James Mason
Chris Pappas
54.4%
Tom Oliver
Lou Carpenter
52%
Morgana O'Reilly
Naomi Canning
52%
Scarlett Anderson
Nell Rebecchi
47.1%
Quiz Playlist
Details
Report
Send in Message
Add To Playlist
Classic:
Type in answers that appear in a list
Last Updated: Jan 8, 2019
Quiz Scoreboard
CHALLENGE
Sign Up to Join the Scoreboard
Show All
Scores
Hide
Comments
May contain spoilers
Recently Published
9x9 Crossword: Cartoon Network
by jackfrog10
Miscellaneous
3m
College Basketball Coaching Resumes
by pancakes188
Sports
9m
Billboard Blitz: Fleetwood Mac
by CooCooCachoo
Music
15s
More to Explore
Quiz From the Vault
Featured Blog Post
Where Did the Easter Bunny Come From?
hide this ad
You Might Also Like...
Tags
Actor Quiz
Actress Quiz
2014
Australia
Australian
Character
Soap Operas
Television Stars
Today's Top Quizzes in Television
Browse Television
hide this ad
Today's Top Quizzes in Actress
Browse Actress
Top Contributed Quizzes in Television
1
5-to-1: The Simpsons Families
2
5-to-1: Television Doctors
3
7-to-1: TV Show Settings
4
Adjectives in 00s TV Shows
5
Adjectives in 80s TV Shows
6
5-to-1: Streaming Originals
7
Adjectives in 10s TV Shows
8
Survivor Seasons
9
One Piece Logic Puzzle
10
All US Survivor Seasons in Order
Explore More
Trending Topics
Harry Potter
Crossword
NBA
Anime
Marvel
Disney
Kpop
The Office
Song
Puzzle
Soccer
WWE
NFL
Country
Pokémon
hide this ad
More By:
mcsar95
Quiz
Plays
Rating
Category
Featured
Created
Neighbours Quiz of Quizzes!
503
5.00
Television
Apr 27, 2016
Neighbours Characters May 2014
204
3.00
Television
May 17, 2014
Neighbours 1985 Characters
107
Television
May 13, 2015
Walk Off the Earth - Little Boxes Lyrics
65
Music
May 17, 2014
Go to Creator's Profile
Score Distribution
Quiz Creator Spotlight
mcsar95
Follow
Send a Message
Quizzes Created
-
Created Quiz Play Count
-
More By This Creator
Popular Quizzes Today
1
Find the US States - No Outlines Minefield
2
Find the Countries of Europe - No Outlines Minefield
3
The Countries of the World
4
Find the US States
5
Risky Map Clicking: Biggest States A-Z
6
US States
7
Popular People in 1961
8
Movies - When Are They Set?
More Television Quizzes
1960s: Animated Series II
Published
Trending Quizzes
Risky Map Clicking: Least Populous States A-Z
1-10 Letter G Words
1-10 Letter F Words
Risky Map Clicking: Next State Alphabetically
Adjectives in 80s TV Shows
Recently Updated
Leaping Animals
pecheneg
Reality TV Shows (A-Z)
bhenderson79
Rickey Henderson's Hall of Fame Teammates
pecheneg
Champions League XIs: Arsenal
pecheneg
Quick Pick: Celebrities in WWE's Hall of Fame
aduchscher
A-Z Keypad Blitz II
pecheneg
Multiple Oscar Actors
pecheneg
Mystery Phrase Blitz: Oscar 'Best Actors'
pecheneg
F. Scott Fitzgerald Novels
LTH
Pick 3 Villains
ddd62291
Trending Topics
Kpop
Crossword
Marvel
Disney
Harry Potter
NBA
Anime
WWE
Soccer
Puzzle
Pokémon
The Office
Country
NFL
Song
Your Account Isn't Verified!
In order to create a playlist on Sporcle, you need to verify the email address you used during registration. Go to your
Sporcle Settings
to finish the process.
Report this User
Report this user for behavior that violates our
Community Guidelines
.
Details:
Send Report
Go to the Sporcle.com Mobile Site →
Comments